000 00301nam a2200133Ia 4500
008 221030s9999 xx 000 0 und d
041 _aEnglish
100 _aJ. das
245 0 _aPrinciples of Digital Communication
_cby J. das
250 _aJAN 2016
260 _c2016
650 _aB
942 _cBK
999 _c16076
_d16076